[Event "Sinergia 16 email"]
[Site "Argentina"]
[Date "2001.06.01"]
[Round "1"]
[White "Guerola, Bernat"]
[Black "Rocha, Ruben"]
[Result "0-1"]
[WhiteElo "950"]
[BlackElo "1000"]
[PlyCount "84"]
[EventDate "2001.06.01"]
[EventType "tourn (corr)"]
[EventRounds "6"]
[EventCountry "ARG"]
[SourceTitle "Corr 2006"]
[Source "ChessBase"]
[SourceDate "2006.04.01"]
[SourceVersion "3"]
[SourceVersionDate "2006.04.01"]
[SourceQuality "1"]

1. e4 e5 2. Nf3 Nc6 3. Bc4 Bc5 4. b4 Bxb4 5. c3 Be7 6. Qb3 Nh6 7. d4 Na5 8. Qa4 Nxc4 9. Qxc4 exd4 10. Bxh6 gxh6 11. Ne5 Rf8 12. cxd4 d6 13. Nf3 c6 14. 0-0 Rg8 15. Nc3 Bh3 16. Ne1 Bf6 17. Rd1 Bxd4 18. Rxd4 Bxg2 19. Ne2 Bxf1+ 20. Kxf1 Qf6 21. Qb4 0-0-0 22. f4 c5 23. Rc4 Qh4 24. Qa3 Qxh2 25. Qxa7 Rde8 26. a3 Kc7 27. e5 Qh1+ 28. Kf2 f6 29. exd6+ Kd7 30. Qa4+ Kxd6 31. Qd1+ Ke7 32. Qd3 Kf7 33. Qxh7+ Rg7 34. Qd3 Qh2+ 35. Kf1 Rxe2 36. Qd7+ Re7 37. Qd5+ Ke8 38. Ng2 Qh1+ 39. Kf2 f5 40. Rxc5 Rxg2+ 41. Qxg2 Qe1+ 42. Kf3 Re3# 0-1

[Event "Sinergia 16 email"]
[Site "Argentina"]
[Date "2001.06.01"]
[Round "7"]
[White "Rocha, Ruben"]
[Black "Qazalbash, Catherine"]
[Result "1-0"]
[WhiteElo "1000"]
[BlackElo "1000"]
[PlyCount "55"]
[EventDate "2001.06.01"]
[EventType "tourn (corr)"]
[EventRounds "6"]
[EventCountry "ARG"]
[SourceTitle "Corr 2006"]
[Source "ChessBase"]
[SourceDate "2006.04.01"]
[SourceVersion "3"]
[SourceVersionDate "2006.04.01"]
[SourceQuality "1"]

1. e4 e5 2. Nf3 Nc6 3. Bb5 Bc5 4. 0-0 Nf6 5. Nxe5 Nd4 6. Bc4 0-0 7. d3 d6 8. Nf3 Bg4 9. Nbd2 Re8 10. c3 Ne6 11. Qb3 c6 12. Qxb7 Nc7 13. Ng5 d5 14. Qxc6 Qe7 15. exd5 Be2 16. d6 Bxd6 17. Nxf7 Bf4 18. Nd6+ Kf8 19. Nxe8 Rxe8 20. Re1 Ng4 21. h3 Nxf2 22. Ne4 Nxh3+ 23. gxh3 Qh4 24. Qc5+ Qe7 25. Qxe7+ Rxe7 26. Rxe2 Be5 27. d4 Bf6 28. Nxf6 1-0